La balsa de la Medusa : ensayos sobre identidad, cultura y fin de siglo en Uruguay /
Uloženo v:
| Hlavní autor: | |
|---|---|
| Médium: | Neznámo |
| Jazyk: | Spanish |
| Vydáno: |
Montevideo, Uruguay :
Ediciones Trilce,
1992.
|
| Témata: | |
| Tagy: |
Přidat tag
Žádné tagy, Buďte první, kdo vytvoří štítek k tomuto záznamu!
|
MARC
| LEADER | 000000000a22000000004500 | ||
|---|---|---|---|
| 001 | 014370 | ||
| 041 | 0 | |a spa | |
| 082 | 0 | 4 | |a 989.506 |b A189b |
| 100 | 1 | |a Achugar, Hugo, |d 1944- | |
| 245 | 1 | 3 | |a La balsa de la Medusa : |b ensayos sobre identidad, cultura y fin de siglo en Uruguay / |c Hugo Achugar. |
| 260 | 1 | |a Montevideo, Uruguay : |b Ediciones Trilce, |c 1992. | |
| 300 | |a 113 páginas | ||
| 650 | 4 | |a URUGUAY | |
| 650 | 4 | |a CIVILIZACION | |
| 650 | 4 | |a SOCIEDAD | |
| 500 | |a Colección George Yúdice | ||
| 999 | |c 20263 |d 20263 | ||
| 942 | |c BK |h 989.506 A189b |2 z | ||
